Los cultivos de cobertura y la productividad del maíz en siembra directa : dinámica del nitrógeno, agua y fracciones orgánicas del suelo /
Guardado en:
| Otros Autores: | , |
|---|---|
| Formato: | Manuscrito |
| Idioma: | Spanish |
| Publicado: |
2013.
|
| Materias: | |
| Acceso en línea: | Texto completo |
| Etiquetas: |
Agregar Etiqueta
Sin Etiquetas, Sea el primero en etiquetar este registro!
|
| LEADER | 01422ntm a22003255a 4500 | ||
|---|---|---|---|
| 001 | EUN.eunm005608 | ||
| 008 | 141006s2013####ag#######bm###000#0#spa#d | ||
| 005 | 20240215081203.0 | ||
| 245 | 1 | 4 | |a Los cultivos de cobertura y la productividad del maíz en siembra directa : |b dinámica del nitrógeno, agua y fracciones orgánicas del suelo / |c Eduardo de Sá Pereira. |
| 260 | |c 2013. | ||
| 300 | |a xix, 166 h. : |b il. col. ; |c 30 cm. | ||
| 500 | |a "Tesis de Doctor en Agronomía". | ||
| 500 | |a Director de tesis: Juan Alberto Galantini. | ||
| 502 | |a Tesis (doctoral)--Universidad Nacional del Sur. Departamento de Agronomía, 2013. | ||
| 504 | |a Incluye referencias bibliográficas. | ||
| 530 | |a Disponible también en formato digital. | ||
| 100 | 1 | |a Sá Pereira, Eduardo de. |4 dis | |
| 700 | 1 | |a Galantini, Juan Alberto, |d 1955- |4 ths | |
| 710 | 2 | |a Universidad Nacional del Sur. |b Departamento de Agronomía |4 dgg. | |
| 082 | 0 | 4 | |a 040 |2 15 |
| 082 | 0 | 4 | |a 631.45 |2 15 |
| 650 | 7 | |a Agronomía. |2 unbist | |
| 650 | 7 | |a Producción agrícola. |2 unbist | |
| 650 | 7 | |a Cultivos. |2 unbist | |
| 650 | 7 | |a Maíz. |2 unbist | |
| 650 | 7 | |a Conservación de suelos. |2 unbist | |
| 653 | |a Cultivo de cobertura | ||
| 856 | 4 | 1 | |3 Texto completo |u http://repositoriodigital.uns.edu.ar/handle/123456789/491 |
| 859 | |a AR-BaUNS |b BIB. CENTRAL - Tesis |h 040 |i B148 2013-1260sa |k R |p 124693/014 | ||
| 859 | |a AR-BaUNS |b Dto. Agronomia |h 040 |i B148 2013-1260sa |p 124694/014 | ||
